[Event "WYCC Open U14"]
[Site "Porto Carras"]
[Date "2010.10.20"]
[Round "1.14"]
[White "Novoa, Fernando"]
[Black "Georgiadis, Nico"]
[Result "0-1"]
[WhiteElo "1944"]
[BlackElo "2262"]
[PlyCount "126"]
[EventDate "2010.10.20"]

1. d4 Nf6 2. c4 c5 3. d5 b5 4. cxb5 a6 5. bxa6 g6 6. Nc3 Bxa6 7. Nf3 d6 8. g3
Bg7 9. Bg2 Nbd7 10. Rb1 O-O 11. O-O Qa5 12. Bd2 Rfb8 13. Qc2 Ng4 14. a4 Nge5
15. Nxe5 Nxe5 16. b3 Qc7 17. Rfe1 Rb7 18. Na2 Rab8 19. h3 Qc8 20. f4 Nd7 21.
Bc3 Bxc3 22. Qxc3 Rb6 23. Rb2 Qb7 24. Reb1 Qa7 25. Kh2 Nf6 26. e4 Bb7 27. Qd2
Bc8 28. Qc3 Bd7 29. e5 Ne8 30. Be4 Ng7 31. g4 Qc7 32. a5 Rb5 33. b4 Qb7 34. a6
Qb6 35. a7 Qxa7 36. bxc5 dxc5 37. Rxb5 Rxb5 38. Rxb5 Bxb5 39. Nc1 c4 40. Kg2 h5
41. Ne2 Qc5 42. f5 hxg4 43. hxg4 Ba6 44. fxg6 fxg6 45. Nf4 Bb7 46. Qf3 c3 47.
Nxg6 e6 48. d6 Bxe4 49. Qxe4 c2 50. Qa8+ Kh7 51. Nf8+ Kh6 52. g5+ Kh5 53. Qf3+
Kh4 54. Qg3+ Kh5 55. Qf3+ Kh4 56. Qf4+ Kh5 57. Qf3+ Kh4 58. Nh7 Qd5 59. Qxd5
exd5 60. d7 Ne6 61. Nf8 Nd8 62. g6 c1=Q 63. g7 Qg5+ 0-1

[Event "WYCC Open U14"]
[Site "Porto Carras"]
[Date "2010.10.20"]
[Round "1.17"]
[White "Giroyan, Gary"]
[Black "Sosovicka, Matej"]
[Result "1-0"]
[WhiteElo "2244"]
[BlackElo "1932"]
[PlyCount "61"]
[EventDate "2010.10.20"]

1. e4 e5 2. Nf3 Nc6 3. Bb5 a6 4. Ba4 Nf6 5. O-O Be7 6. Re1 b5 7. Bb3 d6 8. c3
O-O 9. d4 Bg4 10. Be3 Re8 11. Nbd2 Bf8 12. a4 Rb8 13. axb5 axb5 14. Ra6 Qd7 15.
h3 Bh5 16. d5 Ne7 17. Qa1 Qc8 18. Qa5 Bg6 19. Bg5 Kh8 20. Nh4 h6 21. Nxg6+ Nxg6
22. Be3 Nh5 23. Bd1 Nhf4 24. Bg4 Qd8 25. Ra7 h5 26. Bf3 Qg5 27. Kh1 Qh4 28.
Qxc7 Nxh3 29. gxh3 Qxh3+ 30. Kg1 Nh4 31. Qxf7 1-0

[Event "WYCC Open U14"]
[Site "Porto Carras"]
[Date "2010.10.20"]
[Round "1.18"]
[White "Markoja, Sebastijan"]
[Black "Beradze, Irakli"]
[Result "1/2-1/2"]
[WhiteElo "1927"]
[BlackElo "2242"]
[PlyCount "74"]
[EventDate "2010.10.20"]

1. e4 c6 2. d4 d5 3. e5 Bf5 4. c4 e6 5. Nc3 Ne7 6. a3 Nd7 7. c5 b6 8. b4 a5 9.
Be3 Bg6 10. Nge2 Nf5 11. Nf4 Be7 12. Bd3 Nxe3 13. fxe3 Bxd3 14. Nxd3 Bg5 15.
Nf4 Bxf4 16. exf4 Qh4+ 17. g3 Qh3 18. Kf2 O-O 19. Qf1 Qf5 20. Qb1 Qh3 21. Qf1
Qh6 22. Kg2 Rfb8 23. Qe2 bxc5 24. bxc5 Rb3 25. Qc2 Rab8 26. Rhb1 Qg6 27. Qxg6
hxg6 28. Rxb3 Rxb3 29. Ne2 f6 30. h4 Kf7 31. Nc1 Rb2+ 32. Kf3 Rc2 33. Ke3 Rc3+
34. Nd3 Ke7 35. Kd2 Rc4 36. Ke3 Kd8 37. Rc1 Rxc1 1/2-1/2

[Event "WYCC Open U18"]
[Site "Porto Carras"]
[Date "2010.10.20"]
[Round "1.1"]
[White "Dilanyan, Grigor"]
[Black "Sethuraman, S P."]
[Result "1-0"]
[WhiteElo "2245"]
[BlackElo "2535"]
[PlyCount "115"]
[EventDate "2010.10.20"]

1. d4 Nf6 2. c4 e6 3. Nf3 b6 4. e3 Bb7 5. Bd3 d5 6. O-O Nbd7 7. Nc3 Bd6 8. Qe2
a6 9. e4 dxe4 10. Nxe4 Nxe4 11. Bxe4 Bxe4 12. Qxe4 O-O 13. Bg5 Be7 14. Bxe7
Qxe7 15. Rad1 Rfd8 16. Rfe1 Qb4 17. b3 Nf6 18. Qb7 Qd6 19. Ne5 a5 20. h3 h6 21.
Qf3 Qa3 22. Re2 a4 23. g4 axb3 24. axb3 Rf8 25. Kg2 Qd6 26. h4 Nd7 27. Nc6 Ra3
28. Rd3 Nb8 29. Ne5 Nd7 30. g5 Nxe5 31. dxe5 Qe7 32. gxh6 g6 33. Qf4 Kh7 34.
Red2 Qe8 35. f3 Ra8 36. Kg3 b5 37. Rd7 bxc4 38. bxc4 Ra2 39. Rd8 Qxd8 40. Rxd8
Rxd8 41. Qf6 Rg8 42. Qxf7+ Kh8 43. Qxe6 Raa8 44. Qd7 c5 45. f4 Rad8 46. Qe7
Rde8 47. Qxc5 Kh7 48. Qd6 Kxh6 49. c5 Rgf8 50. c6 Rf7 51. c7 Rc8 52. h5 Rg7 53.
f5 Kxh5 54. Qd1+ Kh6 55. Qh1+ Kg5 56. Qh4+ Kxf5 57. Qg4+ Kxe5 58. Qxc8 1-0

[Event "WYCC Open U18"]
[Site "Porto Carras"]
[Date "2010.10.20"]
[Round "1.2"]
[White "Ter-Sahakyan, Samvel"]
[Black "Grandadam, Nicolas"]
[Result "1-0"]
[WhiteElo "2516"]
[BlackElo "2245"]
[PlyCount "39"]
[EventDate "2010.10.20"]

1. e4 c5 2. Nf3 d6 3. d4 Nf6 4. Nc3 cxd4 5. Nxd4 a6 6. Bg5 Nbd7 7. Bc4 Qa5 8.
Qd2 e6 9. Bb3 b5 10. O-O Bb7 11. Rfe1 Be7 12. a4 b4 13. Nd5 Nxe4 14. Nxe6 fxe6
15. Rxe4 Nc5 16. Rxe6 Nxe6 17. Re1 Bxd5 18. Bxd5 Ra7 19. Rxe6 Qxa4 20. Qe1 1-0

[Event "WYCC Open U18"]
[Site "Porto Carras"]
[Date "2010.10.20"]
[Round "1.3"]
[White "Nuber, Blasius"]
[Black "Shimanov, Aleksandr"]
[Result "0-1"]
[WhiteElo "2243"]
[BlackElo "2512"]
[PlyCount "126"]
[EventDate "2010.10.20"]

1. e4 c5 2. c3 d5 3. exd5 Qxd5 4. d4 Nf6 5. Nf3 e6 6. Be2 Be7 7. O-O O-O 8. Na3
Nc6 9. Nb5 Qd8 10. dxc5 Bxc5 11. Bg5 e5 12. b4 Be7 13. Qxd8 Rxd8 14. Rfd1 Bg4
15. h3 Bh5 16. g4 Bg6 17. Rxd8+ Rxd8 18. Rd1 Rxd1+ 19. Bxd1 a6 20. Nc7 Bd8 21.
Bxf6 Bxf6 22. Ba4 b5 23. Bb3 e4 24. Nd4 Nxd4 25. cxd4 Bxd4 26. Nxa6 e3 27. fxe3
Bxe3+ 28. Kg2 Be4+ 29. Kg3 Bc6 30. Bd1 Bd5 31. a4 bxa4 32. Bxa4 g6 33. Bd7 Kf8
34. b5 Ke7 35. Bc6 Bc4 36. Kf3 Bb6 37. Nb4 Kd6 38. Nc2 Ke5 39. Ne3 Be6 40. Ng2
Bb3 41. Nf4 Ba5 42. Nd3+ Kd4 43. Nf2 Bb6 44. Ne4 Bd1+ 45. Kg2 Bb3 46. Kf3 Ke5
47. Ng5 h6 48. Ne4 Bd1+ 49. Kg3 Be2 50. Nd2 Kd4 51. Nf3+ Ke3 52. Kg2 Kf4 53.
Nh2 f5 54. Be8 Bd3 55. Bc6 Be4+ 56. Bxe4 fxe4 57. Nf1 Bc5 58. Ng3 Ke3 59. Nf1+
Kd3 60. Ng3 Bd6 61. b6 e3 62. Nh1 e2 63. Nf2+ Kd4 0-1

[Event "WYCC Open U18"]
[Site "Porto Carras"]
[Date "2010.10.20"]
[Round "1.4"]
[White "Salem, A."]
[Black "Ivanov, Stojan Lubomirov"]
[Result "1-0"]
[WhiteElo "2501"]
[BlackElo "2240"]
[PlyCount "69"]
[EventDate "2010.10.20"]

1. d4 d5 2. c4 c6 3. Nc3 Nf6 4. e3 Bf5 5. cxd5 cxd5 6. Qb3 Bc8 7. Nf3 Nc6 8.
Ne5 e6 9. f4 Be7 10. Bd3 Nd7 11. O-O O-O 12. Nxc6 bxc6 13. Na4 f5 14. Qc2 Qc7
15. Bd2 a5 16. Bb5 Bb7 17. Rfc1 Rfc8 18. Qb3 Qd8 19. Bf1 Rcb8 20. Qd1 Nf6 21.
Rc2 Ne4 22. Be1 Qd6 23. Rac1 Bd8 24. Bd3 Rc8 25. Bxe4 dxe4 26. Rc5 Ra6 27. Qb3
Rb8 28. Rxf5 Bc8 29. Qc4 Kh8 30. Re5 Bf6 31. Rxa5 Rxa5 32. Bxa5 Qd5 33. Qxd5
cxd5 34. Bc7 Rb7 35. Nb6 1-0

[Event "WYCC Open U18"]
[Site "Porto Carras"]
[Date "2010.10.20"]
[Round "1.5"]
[White "Haskel, Jeffrey"]
[Black "Grandelius, Nils"]
[Result "0-1"]
[WhiteElo "2229"]
[BlackElo "2500"]
[PlyCount "62"]
[EventDate "2010.10.20"]

1. d4 Nf6 2. c4 g6 3. f3 Bg7 4. e4 d6 5. Nc3 O-O 6. Bg5 a6 7. Bd3 Nbd7 8. Nh3
c5 9. d5 Ne5 10. Nf2 b5 11. cxb5 Nxd3+ 12. Nxd3 axb5 13. e5 dxe5 14. Bxf6 exf6
15. Nxc5 b4 16. Ne2 Ra5 17. Rc1 Qd6 18. Ne4 Qxd5 19. Qxd5 Rxd5 20. Kf2 f5 21.
Nc5 e4 22. fxe4 fxe4 23. Nxe4 Bf5 24. N2g3 Bxb2 25. Rb1 Bd4+ 26. Kf3 Ra8 27.
Rxb4 Rxa2 28. Rb3 Be6 29. Rf1 h5 30. h4 Bg4+ 31. Kf4 Be5+ 0-1

[Event "WYCC Open U18"]
[Site "Porto Carras"]
[Date "2010.10.20"]
[Round "1.6"]
[White "Belous, Vladimir"]
[Black "Tran, Ngoc Lan"]
[Result "1-0"]
[WhiteElo "2498"]
[BlackElo "2227"]
[PlyCount "69"]
[EventDate "2010.10.20"]

1. c4 e6 2. Nf3 Nf6 3. g3 b6 4. Bg2 Bb7 5. O-O Be7 6. Nc3 O-O 7. Re1 c5 8. e4
d6 9. d4 cxd4 10. Nxd4 Qc8 11. Bf4 Rd8 12. Rc1 Nbd7 13. Qe2 Ne5 14. b3 Ng6 15.
Be3 Rd7 16. f4 Qe8 17. Bf2 e5 18. Nf5 exf4 19. Nd5 Bxd5 20. exd5 fxg3 21. Bxg3
Bf8 22. Qb2 Qd8 23. Bh3 Qc7 24. Kh1 Rdd8 25. Bf2 Nf4 26. Bd4 Nxh3 27. Bxf6 g6
28. Qg2 Nf4 29. Qg5 Nh5 30. Qxh5 gxh5 31. Rg1+ Bg7 32. Rxg7+ Kf8 33. Rxh7 Ke8
34. Re1+ Kd7 35. Rxf7+ 1-0

[Event "WYCC Open U18"]
[Site "Porto Carras"]
[Date "2010.10.20"]
[Round "1.7"]
[White "De, Arco Luis Carlos"]
[Black "Cruz, Cristhian"]
[Result "0-1"]
[WhiteElo "2218"]
[BlackElo "2497"]
[PlyCount "110"]
[EventDate "2010.10.20"]

1. e4 c5 2. Nc3 e6 3. f4 Nc6 4. Nf3 d5 5. Bb5 Nge7 6. exd5 exd5 7. Qe2 Qd6 8.
Qe5 Qxe5+ 9. Nxe5 f6 10. Bxc6+ bxc6 11. Nf3 Nf5 12. d3 Kf7 13. Bd2 Ba6 14. g4
Nd4 15. Nxd4 cxd4 16. Ne2 h5 17. g5 Re8 18. Kf2 c5 19. Rae1 Bd6 20. Rhg1 Bc8
21. b4 g6 22. bxc5 Bxc5 23. gxf6 Bg4 24. Nc1 Bb6 25. f5 Rxe1 26. fxg6+ Kxg6 27.
Kxe1 Kxf6 28. h4 Re8+ 29. Kf2 Rc8 30. Rf1 Rxc2 31. Kg3+ Ke6 32. Bf4 Ba5 33. Nb3
Bc3 34. Nc5+ Ke7 35. Rb1 Rxa2 36. Be5 Rb2 37. Rxb2 Bxb2 38. Nb3 Bc3 39. Nxd4
Ba5 40. Kf4 Bd2+ 41. Kg3 a5 42. Nb3 Be1+ 43. Kf4 a4 44. Nc5 Bd2+ 45. Kg3 a3 46.
Kf2 Bc1 47. Na4 Bd1 48. Nc3 Ke6 49. Bd4 Bb2 50. Ke1 Bg4 51. Nb5 Bxd4 52. Nxd4+
Ke5 53. Nc2 a2 54. Kd2 Kf4 55. Kc1 Bf5 0-1

[Event "WYCC Open U18"]
[Site "Porto Carras"]
[Date "2010.10.20"]
[Round "1.9"]
[White "Dounis, Alexandros"]
[Black "Alonso Rosell, Alvar"]
[Result "1-0"]
[WhiteElo "2207"]
[BlackElo "2485"]
[PlyCount "134"]
[EventDate "2010.10.20"]

1. Nf3 c5 2. e4 d6 3. d4 Nf6 4. Nc3 cxd4 5. Nxd4 a6 6. Be2 e5 7. Nb3 Be7 8. O-O
O-O 9. Be3 Be6 10. Qd2 Nbd7 11. a4 Nb6 12. a5 Nc4 13. Bxc4 Bxc4 14. Rfd1 Rc8
15. f3 Rc6 16. Bb6 Qc8 17. Nc1 Bd8 18. Be3 b5 19. axb6 Bxb6 20. Bxb6 Rxb6 21.
Na4 Rc6 22. Nd3 Bxd3 23. Qxd3 Nh5 24. Nc3 Nf4 25. Qd2 Qb7 26. Ra3 Re8 27. Rb3
Rb6 28. Qxd6 Rxd6 29. Rxb7 Ne2+ 30. Kf2 Nd4 31. Rd2 Kf8 32. Ke1 Rh6 33. h3 Rhe6
34. f4 f6 35. fxe5 fxe5 36. Rf2+ Rf6 37. Rxf6+ gxf6 38. Kd2 h5 39. Rh7 Kg8 40.
Rxh5 Kg7 41. Rh4 Rb8 42. Kc1 Rc8 43. Rg4+ Kf7 44. Rg3 f5 45. exf5 Nxf5 46. Rg5
Ne3 47. Rxe5 Nxg2 48. Ne4 Rc6 49. b3 Kf8 50. Nc5 Kf7 51. Nd3 Kf6 52. Rc5 Rb6
53. Rh5 Kg6 54. Ra5 Rd6 55. Nb4 Nf4 56. Rxa6 Rxa6 57. Nxa6 Nxh3 58. b4 Nf4 59.
b5 Nd5 60. c4 Nb6 61. c5 Nc4 62. b6 Na5 63. Kc2 Kf6 64. Kc3 Ke6 65. Kb4 Nc6+
66. Kc4 Kd7 67. Nb4 Na5+ 1-0

[Event "WYCC Open U18"]
[Site "Porto Carras"]
[Date "2010.10.20"]
[Round "1.10"]
[White "Yilmaz, Mustafa"]
[Black "Khoroshev, Nikita"]
[Result "1-0"]
[WhiteElo "2482"]
[BlackElo "2206"]
[PlyCount "113"]
[EventDate "2010.10.20"]

1. e4 e5 2. Nf3 Nc6 3. Bc4 Nf6 4. d3 Be7 5. O-O O-O 6. Re1 d6 7. a4 Be6 8. Nc3
Qd7 9. a5 a6 10. h3 h6 11. Bd2 Rae8 12. Nd5 Bd8 13. Bb3 Nh7 14. Ba4 Qc8 15. b4
f5 16. b5 axb5 17. Bxb5 fxe4 18. dxe4 Rxf3 19. Qxf3 Nd4 20. Qd3 Nxb5 21. Qxb5
c6 22. Qa4 Rf8 23. Nb6 Qc7 24. Ra3 Bh4 25. Rf1 Rf6 26. f4 exf4 27. Rxf4 Rxf4
28. Bxf4 Ng5 29. Qd4 Nf7 30. Nc4 Bf6 31. Qd3 Be7 32. Ra1 Qd8 33. Kh1 d5 34.
exd5 Qxd5 35. Qxd5 Bxd5 36. Nb6 Be6 37. Bc7 Ng5 38. Rb1 Kf7 39. Be5 Ne4 40. Na4
Bc8 41. Re1 Nf6 42. Bd4 Bb4 43. Bc3 Be7 44. Rb1 Ne4 45. Bb4 Bd8 46. Rf1+ Nf6
47. Nc5 Ke8 48. Re1+ Kf7 49. Nd3 Nd5 50. Ne5+ Kf6 51. Bd2 Bc7 52. Nd3 Kf7 53.
c4 Nf6 54. Bb4 Bd8 55. Ne5+ Kg8 56. a6 Bb6 57. Ba5 1-0

[Event "WYCC Open U18"]
[Site "Porto Carras"]
[Date "2010.10.20"]
[Round "1.12"]
[White "Arribas Lopez, Angel"]
[Black "Ulziibayar, Boldbaatar"]
[Result "1-0"]
[WhiteElo "2454"]
[BlackElo "2202"]
[PlyCount "141"]
[EventDate "2010.10.20"]

1. c4 e5 2. g3 Nc6 3. Bg2 Nf6 4. d3 Bc5 5. Nf3 O-O 6. Nc3 Re8 7. O-O Nd4 8. Ne1
c6 9. a3 Bf8 10. b4 h6 11. e3 Ne6 12. Qb3 a5 13. Rb1 axb4 14. axb4 d6 15. b5
Nc5 16. Qd1 Bg4 17. Qd2 d5 18. bxc6 bxc6 19. Nc2 Rc8 20. cxd5 cxd5 21. Nb4 e4
22. Nb5 exd3 23. f3 Bf5 24. Nd4 Qd7 25. Bb2 Bg6 26. Ba1 h5 27. Rfe1 Bd6 28. Bf1
Rb8 29. Nxd3 Rxb1 30. Rxb1 h4 31. Nxc5 Bxc5 32. Rc1 Ba3 33. Re1 Rb8 34. gxh4
Bb4 35. Bc3 Bxc3 36. Qxc3 Qd6 37. Rc1 Re8 38. Bb5 Re5 39. f4 Re7 40. Nf3 Qb6
41. Nd4 Be4 42. Be2 Ne8 43. Qc6 Qb2 44. h5 Nd6 45. Qc3 Rb7 46. Kf2 Bd3 47. Qxb2
Rxb2 48. Rd1 Be4 49. Nf3 Kh7 50. Rd2 Rb6 51. Ng5+ Kh6 52. Ke1 Rb3 53. Ra2 f6
54. Ra6 fxg5 55. Rxd6+ Kh7 56. fxg5 Rxe3 57. Kf2 Rh3 58. Kg1 Re3 59. Bg4 Ra3
60. Kf2 Ra7 61. Rd8 Rf7+ 62. Kg3 g6 63. hxg6+ Kxg6 64. Rd6+ Kg7 65. h4 Kf8 66.
h5 Kg7 67. g6 Re7 68. Kh4 Kh6 69. Rd8 Bxg6 70. Rd6 Rg7 71. Bf5 1-0

[Event "WYCC Open U18"]
[Site "Porto Carras"]
[Date "2010.10.20"]
[Round "1.13"]
[White "Borisenko, Maxim"]
[Black "Sieciechowicz, Marcin"]
[Result "0-1"]
[WhiteElo "2198"]
[BlackElo "2443"]
[PlyCount "88"]
[EventDate "2010.10.20"]

1. e4 c5 2. Nc3 Nc6 3. g3 g6 4. Bg2 Bg7 5. d3 d6 6. f4 e6 7. Nf3 Nge7 8. O-O
O-O 9. Be3 b6 10. Qd2 d5 11. Bf2 dxe4 12. dxe4 Qxd2 13. Nxd2 Bxc3 14. bxc3 Ba6
15. Rfd1 Rad8 16. Bf1 Bxf1 17. Kxf1 e5 18. Nf3 exf4 19. gxf4 f5 20. Rxd8 Nxd8
21. exf5 Rxf5 22. Re1 Ndc6 23. Bg3 Nd5 24. Re6 Nd8 25. Re8+ Rf8 26. Rxf8+ Kxf8
27. Be1 Nxf4 28. Bd2 Nfe6 29. Ke2 Nf7 30. Kd3 Ke7 31. Ke4 Kd6 32. c4 Ned8 33.
Bf4+ Ke6 34. h4 Nd6+ 35. Kd3 N8f7 36. Bxd6 Kxd6 37. Ke4 Ke6 38. Kf4 h6 39. a3
g5+ 40. hxg5 hxg5+ 41. Ke3 Kf5 42. a4 Ne5 43. Nd2 a5 44. c3 g4 0-1

[Event "WYCC Open U18"]
[Site "Porto Carras"]
[Date "2010.10.20"]
[Round "1.14"]
[White "Terry, Renato"]
[Black "Filippas, Sebastian"]
[Result "1/2-1/2"]
[WhiteElo "2434"]
[BlackElo "2191"]
[PlyCount "131"]
[EventDate "2010.10.20"]

1. Nf3 Nf6 2. c4 g6 3. b3 Bg7 4. Bb2 O-O 5. e3 c6 6. Be2 d5 7. O-O Re8 8. d4
Ne4 9. Nbd2 Nxd2 10. Qxd2 Bg4 11. Rac1 dxc4 12. bxc4 e5 13. Nxe5 Bxe2 14. Qxe2
Bxe5 15. dxe5 Nd7 16. f4 Qe7 17. Rfd1 Rad8 18. Rd6 Nc5 19. Rcd1 Rxd6 20. exd6
Qe6 21. Ba1 f6 22. f5 gxf5 23. Qf3 Ne4 24. Rd4 Rd8 25. c5 b6 26. g4 Ng5 27. Qg3
bxc5 28. gxf5 Qxf5 29. Rf4 Qh3 30. Rxf6 Qxg3+ 31. hxg3 Ne4 32. Rf4 Nxd6 33. Be5
Nf7 34. Rg4+ Kf8 35. Bg7+ Ke7 36. Kf1 Nd6 37. Bh6 Ke6 38. Ra4 Rd7 39. Bf4 Kd5
40. Bxd6 Kxd6 41. Ke2 Kd5 42. Rh4 Rg7 43. Kd3 c4+ 44. Rxc4 Rxg3 45. Rd4+ Kc5
46. Rd7 a5 47. Rxh7 Rg2 48. Rh5+ Kb4 49. a3+ Kxa3 50. Rxa5+ Kb4 51. Ra8 Kc5 52.
Rd8 Rg5 53. e4 Rg3+ 54. Ke2 Rg6 55. Ke3 Rd6 56. Ra8 Rh6 57. Rd8 Rd6 58. Rh8 Re6
59. Kf4 Kd6 60. Ra8 c5 61. Rd8+ Ke7 62. Rc8 Kd6 63. e5+ Rxe5 64. Rd8+ Ke7 65.
Kxe5 Kxd8 66. Kd5 1/2-1/2

[Event "WYCC Open U18"]
[Site "Porto Carras"]
[Date "2010.10.20"]
[Round "1.15"]
[White "Ketzetzis, Georgios"]
[Black "Firat, Burak"]
[Result "0-1"]
[WhiteElo "2178"]
[BlackElo "2424"]
[PlyCount "68"]
[EventDate "2010.10.20"]

1. e4 e6 2. d4 d5 3. Nc3 Nf6 4. Bg5 Bb4 5. e5 h6 6. Bd2 Bxc3 7. bxc3 Ne4 8. Qg4
g6 9. Qf4 c5 10. Bd3 Nxd2 11. Qxd2 c4 12. Be2 Bd7 13. h4 Ba4 14. Nf3 Nd7 15.
Rb1 Bc6 16. h5 g5 17. Nh2 f5 18. exf6 Qxf6 19. Qe3 O-O-O 20. Bg4 Rde8 21. O-O
Re7 22. Rfe1 Rhe8 23. Nf3 Kc7 24. Kf1 Rf8 25. g3 Rfe8 26. Re2 e5 27. dxe5 Nxe5
28. Nxe5 Rxe5 29. Qxa7 Rxe2 30. Bxe2 Qf5 31. Rb6 Qh3+ 32. Ke1 Qe6 33. Rxc6+
Kxc6 34. Qa4+ Kc7 0-1

[Event "WYCC Open U18"]
[Site "Porto Carras"]
[Date "2010.10.20"]
[Round "1.17"]
[White "Holvason, Juri"]
[Black "Anwesh, Upadhyaya"]
[Result "0-1"]
[WhiteElo "2163"]
[BlackElo "2420"]
[PlyCount "82"]
[EventDate "2010.10.20"]

1. e4 c6 2. d4 g6 3. g3 d5 4. e5 Bg7 5. Bg2 Na6 6. Ne2 h5 7. h4 Bf5 8. c3 Nc7
9. Na3 Nh6 10. Nc2 Bd7 11. Bg5 Nf5 12. Qd2 Ne6 13. Bh3 Nxg5 14. hxg5 Bf8 15.
O-O-O Ng7 16. Nf4 Bxh3 17. Rxh3 e6 18. Nd3 Qc7 19. f3 c5 20. dxc5 Bxc5 21. Nxc5
Qxc5 22. g4 O-O-O 23. Rdh1 Rd7 24. Nd4 Kb8 25. Kb1 Rc8 26. Qf4 a6 27. Qf6 Qf8
28. gxh5 Nxh5 29. Rxh5 gxh5 30. Rxh5 Rdc7 31. Rh7 Qb4 32. a3 Qb6 33. Ka2 Rxc3
34. bxc3 Rxc3 35. Qf4 Qc5 36. Nb3 Qf2+ 37. Nd2 Rc2+ 38. Kb3 Rxd2 39. Rxf7 Rb2+
40. Kc3 Qc2+ 41. Kd4 Qc4+ 0-1

[Event "WYCC Open U18"]
[Site "Porto Carras"]
[Date "2010.10.20"]
[Round "1.18"]
[White "Nitin, S."]
[Black "Pedersen, Nicolai Kvist Brond"]
[Result "1-0"]
[WhiteElo "2413"]
[BlackElo "2161"]
[PlyCount "79"]
[EventDate "2010.10.20"]

1. e4 c6 2. d4 d5 3. Nc3 dxe4 4. Nxe4 Bf5 5. Ng3 Bg6 6. N1e2 e6 7. Nf4 Qh4 8.
Nge2 Nd7 9. g3 Qd8 10. Bg2 Bb4+ 11. Bd2 Bxd2+ 12. Qxd2 Ngf6 13. Nxg6 hxg6 14.
Qb4 Qb6 15. Qa3 O-O-O 16. O-O-O Ng4 17. Qf3 Ngf6 18. g4 g5 19. h3 Nf8 20. Qe3
Qa5 21. a3 Ng6 22. Rhe1 Rd7 23. b4 Qb5 24. Qb3 Nf4 25. Nxf4 gxf4 26. Re5 Qb6
27. Rc5 Rhd8 28. g5 Nd5 29. b5 Ne7 30. g6 Nxg6 31. bxc6 Rc7 32. Rb5 Qa6 33.
Rxb7 Rxb7 34. cxb7+ Kb8 35. Rd3 Rd6 36. Rc3 Ne7 37. Qb4 Qb6 38. Qa4 Rxd4 39.
Qe8+ Qd8 40. Qxe7 1-0